Uses of epidemiology / (Record no. 1535)

MARC details
000 -LEADER
fixed length control field 01094pam a2200361 i 4500
001 - CONTROL NUMBER
control field data
005 - DATE AND TIME OF LATEST TRANSACTION
control field 20260322212105.0
008 - FIXED-LENGTH DATA ELEMENTS--GENERAL INFORMATION
fixed length control field data
035 ## - SYSTEM CONTROL NUMBER
System control number 4579886
010 ## - LIBRARY OF CONGRESS CONTROL NUMBER
LC control number 75013512
020 ## - INTERNATIONAL STANDARD BOOK NUMBER
International Standard Book Number 0443011060 :
Terms of availability £6.00
020 ## - INTERNATIONAL STANDARD BOOK NUMBER
International Standard Book Number 9780443011061
035 ## - SYSTEM CONTROL NUMBER
-- (DLC) 75013512
040 ## - CATALOGING SOURCE
Original cataloging agency DLC
Transcribing agency DLC
Modifying agency DLC
050 00 - LIBRARY OF CONGRESS CALL NUMBER
Classification number RA651
Item number .M63 1975
060 ## - NATIONAL LIBRARY OF MEDICINE CALL NUMBER
Classification number WA100 M876u
082 00 - DEWEY DECIMAL CLASSIFICATION NUMBER
Classification number 614.4
100 1# - MAIN ENTRY--PERSONAL NAME
Personal name Morris, J. N.
Fuller form of name (Jeremy Noah)
245 10 - TITLE STATEMENT
Title Uses of epidemiology /
Statement of responsibility, etc. J. N. Morris.
250 ## - EDITION STATEMENT
Edition statement 3d ed.
260 ## - PUBLICATION, DISTRIBUTION, ETC.
Place of publication, distribution, etc. New York :
-- New York :
Name of publisher, distributor, etc. Churchill Livingstone : distributed in the U.S.A. by Longman,
Date of publication, distribution, etc. 1975.
300 ## - PHYSICAL DESCRIPTION
Extent 318 p. :
Other physical details ill. ;
Dimensions 22 cm.
336 ## - CONTENT TYPE
Content type term text
Content type code txt
Source rdacontent
337 ## - MEDIA TYPE
Media type term unmediated
Media type code n
Source rdamedia
338 ## - CARRIER TYPE
Carrier type term volume
Carrier type code nc
Source rdacarrier
500 ## - GENERAL NOTE
General note Includes index.
504 ## - BIBLIOGRAPHY, ETC. NOTE
Bibliography, etc. note Bibliography: p. 284-310.
650 #0 - SUBJECT ADDED ENTRY--TOPICAL TERM
Topical term or geographic name entry element Epidemiology.
650 #2 - SUBJECT ADDED ENTRY--TOPICAL TERM
Topical term or geographic name entry element Epidemiology.
906 ## - LOCAL DATA ELEMENT F, LDF (RLIN)
a 7
b cbc
c orignew
d 1
e ocip
f 19
g y-gencatlg
991 ## -
-- c-GenColl
-- RA651
-- .M63 1975
-- Copy 1
-- BOOKS
Holdings
Withdrawn status Lost status Damaged status Not for loan Home library Current library Shelving location Date acquired Total checkouts Full call number Barcode Date last seen Price effective from Koha item type
        Riverside Riverside General stacks 22/03/2026   614.4 LOC-RPL-00082 22/03/2026 22/03/2026 Books